|
|
|
|
| LEADER |
01463nam a2200385 a 4500 |
| 001 |
33239 |
| 003 |
BD-DhAAL |
| 005 |
20180707154020.0 |
| 008 |
180707t2003 bg b 000 0 eng d |
| 999 |
|
|
|c 39594
|d 39594
|
| 010 |
|
|
|a 2003331634
|
| 020 |
|
|
|a 9840743597
|
| 025 |
|
|
|a B-E-2003-331634; 07; 17
|
| 035 |
|
|
|a (DLC) 2003331634
|
| 037 |
|
|
|b Library of Congress -- New Delhi Overseas Office
|c Tk250.00 ($10.00 U.S.)
|
| 040 |
|
|
|a DLC
|c DLC
|d DLC
|d BD-DhAAL
|
| 041 |
1 |
|
|a eng
|a ben
|
| 042 |
|
|
|a lcode
|
| 043 |
|
|
|a a-bg---
|
| 050 |
0 |
0 |
|a PN6519.B42
|b Z36 2003
|
| 082 |
0 |
0 |
|a 398.99144
|2 22
|
| 100 |
1 |
|
|a Zamir, Muhammad,
|d 1945-
|9 26670
|
| 245 |
1 |
0 |
|a Anthology of Bengali proverbs and bachans /
|c Muhammad Zamir.
|
| 250 |
|
|
|a First edition
|
| 260 |
|
|
|a Dhaka :
|b Bangla Academy,
|c 2003.
|
| 300 |
|
|
|a x, 228 pages ;
|c 24 cm.
|
| 504 |
|
|
|a Includes bibliographical references (pages 227-228).
|
| 526 |
|
|
|a ARC
|
| 541 |
|
|
|e 33239
|
| 546 |
|
|
|a English and Bengali
|b (Bengali in roman also).
|
| 650 |
|
0 |
|a Proverbs, Bengali.
|9 26671
|
| 710 |
2 |
|
|a Bāṃlā Ekāḍemī (Bangladesh)
|9 26672
|
| 852 |
|
|
|a Department of Architecture
|c General Stacks
|
| 942 |
|
|
|2 ddc
|c BK
|
| 952 |
|
|
|0 0
|1 1
|2 ddc
|4 0
|6 398_991440000000000_ZAM
|7 0
|9 63610
|a ARC
|b ARC
|c GEN
|d 2018-07-07
|l 0
|o 398.99144 ZAM
|p 3010033239
|r 2018-07-07
|t 1
|w 2018-07-07
|y BK
|x lost from the ARC department library and approved by the Dean (reasons personal books withdrawn by Hasibul Kabir Sir and Building shifting)
|